Представление документа в формате RUSMARC

ПолеНазваниеЗначение
  Тип записи a
  Библиографический уровень a
001 Контрольный номер RU/CBS_Ul/BASE/492174220
005 Дата корректировки 20240209175149.8
100 Данные общей обработки __
a Данные общей обработки 20150806d2015 ||| 0rusy0189 ca
101 Язык документа 0_
a Язык текста rus
102 Страна публикации __
a Страна публикации RU
105 Кодированные данные (монография) __
a Кодированные данные (монография) y###||||000|y
200 Заглавие и сведения об ответственности 1_
a Заглавие Конкурсы для любителей книг
b Общее обозначение материала Текст
e Сведения, относящиеся к заглавию [литературная интеллектуально-познавательная игра для 9-11 классов]
f Первые сведения об ответственности Л. В. Запащикова
461 Уровень набора _0
1 2000
a Игровая библиотека
463 Уровень физической единицы _0
1 001RU/CBS_Ul/BASE/492171053
1 2000
a № 5
v С. 4-25
1 210
d 2015
600 Персоналии _0
a Персоналии (Фамилия) Блок
b Персоналии (Имя, инициалы) А. А.
600 Персоналии _0
a Персоналии (Фамилия) Гончаров
b Персоналии (Имя, инициалы) И. А.
600 Персоналии _0
a Персоналии (Фамилия) Грибоедов
b Персоналии (Имя, инициалы) А. С.
600 Персоналии _0
a Персоналии (Фамилия) Пушкин
b Персоналии (Имя, инициалы) А. С.
600 Персоналии _0
a Персоналии (Фамилия) Троепольский
b Персоналии (Имя, инициалы) Г.
600 Персоналии _0
a Персоналии (Фамилия) Фонвизин
b Персоналии (Имя, инициалы) Д. И.
600 Персоналии _0
a Персоналии (Фамилия) Гюго
b Персоналии (Имя, инициалы) В.
600 Персоналии _0
a Персоналии (Фамилия) Данте
b Персоналии (Имя, инициалы) А.
600 Персоналии _0
a Персоналии (Фамилия) Дойл
b Персоналии (Имя, инициалы) А. К.
600 Персоналии _0
a Персоналии (Фамилия) Кристи
b Персоналии (Имя, инициалы) А.
600 Персоналии _0
a Персоналии (Фамилия) Метерлинк
b Персоналии (Имя, инициалы) М.
606 Тематические рубрики 0_
a Основная рубрика Литература - Сценарии
610 Ключевые слова 0_
a Ключевые слова сценарии
a Ключевые слова интеллектуально-познавательные игры
a Ключевые слова сценарии по литературе
a Ключевые слова великие писатели
a Ключевые слова произведения великих писателей
686 Индексы других классификаций __
a Классификационный индекс 83.3(0)
2 Код системы ББК
686 Индексы других классификаций __
a Классификационный индекс 74.200.5
2 Код системы ББК
700 Автор _1
a Фамилия Запащикова
b Имя (инициалы) Л. В.
g Полное личное имя Лариса Викторовна
801 Источник записи _0
a Страна RU
b Организация МБУК ЦБС г. Ульяновска
c Дата составления 20150806
g Правила каталогизации RCR
801 Источник записи _1
a Страна RU
b Организация МБУК ЦБС г. Ульяновска
c Дата составления 20150806
g Правила каталогизации RCR
901 Тип документа __
t Тип документа b
w Контрольный № источника RU/CBS_Ul/BASE/492171053
910 Корректоры записи __
a Корректор записи Библиотека 27
938 Служебная информация __
a Имя БД period